Statistics for Countries That From The Soviet Union

Click here to take the quiz!

General Stats

  • This quiz has been taken 37 times
  • The average score is 11 of 15

Answer Stats

Country% Correct
Ukraine
88%
Belarus
84%
Estonia
84%
Latvia
84%
Kazakhstan
81%
Lithuania
81%
Armenia
78%
Georgia
75%
Uzbekistan
75%
Azerbaijan
72%
Tajikistan
72%
Turkmenistan
69%
Turkmenistan
69%
Moldova
47%
Kyrgystan
34%

Score Distribution

Percentile by Number Answered

Percent of People with Each Score

Your Score History

You have not taken this quiz